Za pět let budeme platit jinak
Nárast penetrácie e - bankovníctva a m - platieb. Harmonizácia platobnej kultúry v Európe. Internetové platby v súčasnosti. Technológie využívajúce NFC (Near Field Communications) a bezkontaktné platby. Technológie zvyšujúce bezpečnosť platieb na internete. SSL (Secure Socket Layer), SET (Secure El...
Salvato in:
| Autore principale: | |
|---|---|
| Natura: | Capitolo di libro |
| Lingua: | ceco |
| Soggetti: | |
| Tags: |
Nessun Tag, puoi essere il primo ad aggiungerne!!
|
MARC
| LEADER | 00000naa$a2200000$$$4500 | ||
|---|---|---|---|
| 001 | 0103364 | ||
| 005 | 20231129092814.1 | ||
| 041 | 0 | |a cze | |
| 044 | |a CZ | ||
| 245 | 1 | 0 | |a Za pět let budeme platit jinak |c Karel Machala |
| 520 | |a Nárast penetrácie e - bankovníctva a m - platieb. Harmonizácia platobnej kultúry v Európe. Internetové platby v súčasnosti. Technológie využívajúce NFC (Near Field Communications) a bezkontaktné platby. Technológie zvyšujúce bezpečnosť platieb na internete. SSL (Secure Socket Layer), SET (Secure Electronic Transaction) a PKI (Public Key Software Infrastructure). Trend kombinovať uvedené tri možnosti. Aktivita internetových podvodníkov v čase recesie. | ||
| 610 | 2 | 0 | |a bankovníctvo elektronické |
| 610 | 2 | 0 | |a internetbanking |
| 610 | 2 | 0 | |a telebanking |
| 610 | 2 | 0 | |a karty čipové |
| 610 | 2 | 0 | |a technológie informačné |
| 610 | 2 | 0 | |a Európska únia |
| 100 | 1 | |a Machala, Karel | |